INTRODUCTION TO ACTUARIAL STUDIES (Record no. 11686)

MARC details
000 -LEADER
fixed length control field 00351nam a2200133Ia 4500
008 - FIXED-LENGTH DATA ELEMENTS--GENERAL INFORMATION
fixed length control field 240624s9999 xx 000 0 und d
041 ## - LANGUAGE CODE
Language code of text/sound track or separate title eng
082 ## - DEWEY DECIMAL CLASSIFICATION NUMBER
Classification number 368.01 ATK
100 ## - MAIN ENTRY--PERSONAL NAME
Personal name ATKINSON M E
245 ## - TITLE STATEMENT
Title INTRODUCTION TO ACTUARIAL STUDIES
260 ## - PUBLICATION, DISTRIBUTION, ETC.
Date of publication, distribution, etc. 2000
Place of publication, distribution, etc. UK
Name of publisher, distributor, etc. Edward Elgar Publishing
300 ## - PHYSICAL DESCRIPTION
Extent xiv, : 172 : p. : cm. ; 25
365 ## - TRADE PRICE
Currency code ERU
Price amount 20
Holdings
Withdrawn status Lost status Damaged status Not for loan Home library Current library Shelving location Date acquired Source of acquisition Cost, normal purchase price Total Holds Full call number Barcode Date last seen Copy number Price effective from Koha item type
        IMTN IMTN Rack 16-B 11/14/2008 BWE 50.00 5401 368.01 ATK 11686 06/24/2024 68.6 06/24/2024 Books
Designed & Maintained by: LRC IMT Nagpur Contact: lrc@imtnag.ac.in© 2024. All Rights Reserved.